Answers Contain the Number Eleven - Statistics

General Stats
  • This quiz has been taken 193 times
    131 since last reset
  • The average score is 9 of 16
Answer Stats
Hint Answer % Correct
It was commanded by Neil Armstrong Apollo 11
87%
What a soccer team has on the field eleven players
87%
Famous for the Slurpee and Big Gulp 7-Eleven
85%
Movie with Frank Sinatra...or George Clooney Ocean's Eleven
85%
Idiom for "the last minute" the eleventh hour
79%
It comes between the sophomore and senior year 11th grade
77%
When the WTC fell September 11, 2001
76%
Also known as Armistice Day November 11
66%
Operating system released in 2021 Windows 11
65%
In U.S., type of bankruptcy that allows reorganization Chapter 11
47%
Played by Matt Smith in a long-running TV series the Eleventh Doctor
39%
What Nigel Tufnel does in Spinal Tap {turns} {it} {up} {to} eleven
36%
What the universe has in superstring theory (M-theory) 11 dimensions
25%
Canadian rock band with 2003 hit "One Thing" Finger Eleven
20%
North-south thoroughfare (Greenwich Village's Meatpacking Dist.) Eleventh Avenue
19%
Alternative rock band with hits like "Down" and "All Mixed Up" 311
14%
No matching quizzes found
Score Distribution
Percent of People with Each Score
Percentile by Number Answered
Your Score History
You have not taken this quiz since the last reset